Obrazki na literę D - Statystyki

Ogólne statystyki
  • Ten quiz został rozwiązany 42 razy
  • Średni wynik to 12 z 16
Statystyki odpowiedzi
Obrazkowy Hint Odpowiedź % Poprawnych
Drzewo Dąb
100%
Zwierzę Delfin
100%
Środek transportu Deskorolka
97%
Materiał genetyczny DNA
97%
Rzecz Długopis
91%
Państwo Dania
88%
Styl muzyki Disco
88%
Jedzenie Donut
85%
Rzeka Dunaj
85%
Nauka o skórze Dermatologia
82%
Miasto Dubaj
82%
Państwo Dżibuti
71%
Film Deadpool
59%
Miasto w Niemczech Drezno
50%
Wydarzenie w historii D-Day
35%
Gra video Doom
35%
Nie znaleziono quizów pasujących do podanych kryteriów
Rozkład punktacji
Procent ludzi z każdym wynikiem
Percentyl według liczby udzielonych odpowiedzi
Twoja historia wyników
Nie rozwiązałeś tego quizu